• 首页
  • 本馆介绍
  • 公告通知
  • 最新文献
  • 馆藏检索
  • 电子资源
  • 读者导购
  • 参考咨询
  • 我的图书馆
  • 登录
  • 详细信息显示
  • 放入我的书架
  • 预约/预借图书
  • 作者相关作品
  • 分类相关作品
  • 丛书相关作品
  • 出版社相关作品

书目信息

  • 表格格式
  • 工作单格式
  • 卡片格式
题名:
高等学校本科生综合素质评价研究
    
 
作者: 唐仁春 著
分册:  
出版信息: 长沙   湖南人民出版社  2017.06
页数: 280页
开本: 24cm
丛书名:
单 册:
中图分类: G640
科图分类:
主题词: 本科生--素质教育--教育评估--研究
电子资源:
ISBN: 978-7-5561-1729-1
000 00951nam0 2200217 450
001 1245
005 20180927162216.50
010    @a978-7-5561-1729-1@dCNY58.00
100    @a20180819d2017 em y0chiy50 ea
101 0  @achi@deng
102    @aCN@b430000
105    @aa z 000yy
200 1  @a高等学校本科生综合素质评价研究@9gao deng xue xiao ben ke sheng zong he su zhi ping jia yan jiu@f唐仁春著
210    @a长沙@c湖南人民出版社@d2017.06
215    @a280页@c图@d24cm
330    @a本书从单质量目标指标、不同个体和群体质量对象等多层次,从各类别各层次各大区高校、教师学生、男生女生等多个视角,采用大样本问卷调查、统计分析、算术平均和综合评价等方法,对高校本科生综合素质进行多角度评价研究,并运用实证研究和案例分析方法,探索“高等教育大众化”背景下提升本科生综合素质方法、路径和对策。
606 0  @a本科生@x素质教育@x教育评估@x研究
690    @aG640@v5
701  0 @a唐仁春@9tang ren chun@4著
801  0 @aCN@b91MARC@c20180819
905    @aMuseLib@dG640@e1054
    
    高等学校本科生综合素质评价研究/唐仁春著.-长沙:湖南人民出版社,2017.06
    280页:图;24cm
    
    
    ISBN 978-7-5561-1729-1:CNY58.00
    本书从单质量目标指标、不同个体和群体质量对象等多层次,从各类别各层次各大区高校、教师学生、男生女生等多个视角,采用大样本问卷调查、统计分析、算术平均和综合评价等方法,对高校本科生综合素质进行多角度评价研究,并运用实证研究和案例分析方法,探索“高等教育大众化”背景下提升本科生综合素质方法、路径和对策。
●
相关链接 在E读中查询图书 在五车中查询图书 在当当中查询图书 在豆瓣中查询图书


正题名:高等学校本科生综合素质评价研究     索取号:G640/1054         预约/预借

序号 登录号 条形码 馆藏地/架位号 状态 备注
1 1121874   211218742   第一样本阅览室/ [索取号:G640/1054] 在馆    
2 1121875   211218751   第四借阅区/ [索取号:G640/1054] 在馆    
3 1121876   211218760   第四借阅区/ [索取号:G640/1054] 在馆    
4 1121877   211218779   第四借阅区/ [索取号:G640/1054] 在馆    
5 1121878   211218788   第四借阅区/ [索取号:G640/1054] 在馆    
唐山师范学院图书馆 欢迎您!
大连网信软件有限公司© 版权所有